| 000 | 01073nam0a22002651 4500 | ||
|---|---|---|---|
| 001 | rc\3035191 | ||
| 005 | 20250806201752.0 | ||
| 035 | _a(NLR Aleph) 007175856 | ||
| 090 |
_a13332 _c13332 |
||
| 100 | _a20111003d1944 u y0rusy50 ca | ||
| 101 | 0 | _arus | |
| 102 | _aRU | ||
| 105 | _ay z ||||| | ||
| 200 | 1 |
_aТекстильная галантерея _eМатериалы к техн. конф. Гл. упр. текстильно-галантерейной пром-сти |
|
| 210 |
_a[Москва] _cЦентр. науч.-исслед. лаборатория ТГП НКЛП РСФСР _d1944 |
||
| 215 |
_a40 с. _d22 см |
||
| 300 | _aБез тит. л. | ||
| 712 | 0 | 2 |
_aСССР _bГлавное управление текстильно-галантерейной промышленности _bТехническая конференция _4570 |
| 801 | 0 |
_aRU _bNLR _gpsbo |
|
| 801 | 1 |
_aRU _bELAR _2rusmarc |
|
| 852 |
_aNLR _jТ56 Г-6/41 |
||
| 942 | _cBOOK | ||
| 945 | _aРоссийская национальная библиотека | ||
| 980 | _aNB | ||
| 980 | _aBV | ||